000 00841nas a2200301 4500
001 BR8306350
003 BR-BrBNA
005 20231205085724.0
007 ta
008 230509b bl.|||p| |||| 00| 00por d
040 _aBR-BrBNA
_bpor
_cBiblioteca Nacional de Agricultura
041 _a(Pt)
072 _aF02
100 1 _aRamos, V.H.V.
245 1 _aProducao de mudas de mangueira
650 _aMUDA
650 _aMANGA
650 _aREPRODUCAO VEGETAL
650 _aPORTA ENXERTO
650 _aSEMENTE
650 _aSEMENTEIRA
650 _aVIVEIRO
650 _aGARFAGEM
650 _aENXERTO
773 0 _tInforme Agropecuario - Empresa de Pesquisa Agropecuaria de Minas Gerais (Brazil)
_xISSN 0100-3364
_g(Jun 1983), v. 9(102) p. 8-15
_wBR8306350
909 _a202311
_bLúcia
_c55
_dLúcia Elande
942 _2AGRIS
_n0
_cANA
999 _c113349
_d113349